000 00404nam a2200121Ia 4500
008 220901s9999||||xx |||||||||||||| ||und||
082 _a624 MOH
100 _aInternational Research Publication House
_913600
245 0 _aInternational Journal of civil mechanical engineering
250 _aVol. 5 Issue No. 1 & 2
260 _bInternational Research Publication House
_c2015
650 _aCivil Engineering
999 _c193823
_d193823